00443nam a22001457a 4500003000400000082001900004100001600023245004800039260002500087300000700112653004100119942001200160952010800172999001700280SGT a617.6342bM26N aNair, Meera aManagement of non- carious cervical lesions aGurugrambSGTUc2026 a57 aConservative dentistry & Endodontics 2ddccTH 00102ddc4071aFDbFDcREFd2026-04-10l0o617.6342 M26NpDT2669r2026-04-10 00:00:00w2026-04-10yTH c34612d34612